[Event "FIDE WCC Rapid 2016 Women"]
[Site "Doha"]
[Date "2016.12.26"]
[Round "3"]
[White "Ovezdurdiyeva, Jemal"]
[Black "Sviridova, Vlada"]
[Result "0-1"]
[WhiteElo "2080"]
[BlackElo "2144"]
[PlyCount "120"]
[EventDate "2016.??.??"]
[EventType "swiss"]
[EventCountry "QAT"]
[SourceTitle "playchess.com"]
[Source "ChessBase"]

1. d4 d5 2. c4 c6 3. Nc3 Nf6 4. Nf3 dxc4 5. a4 Bf5 6. e3 e6 7. Bxc4 Bb4 8. O-O
O-O 9. Qe2 Nbd7 10. e4 Bg6 11. Bd3 Bh5 12. e5 Nd5 13. Nxd5 cxd5 14. Bxh7+ Kxh7
15. Ng5+ Qxg5 16. Qb5 Bd2 17. Qxd7 Bxc1 18. Raxc1 Bf3 19. g3 Qg4 20. Rc3 Rac8
21. h3 Qh5 22. Re3 Rc4 23. Qxb7 Rfc8 24. Qb3 Be4 25. g4 Qg5 26. Qd1 Qf4 27. Qe1
Rxd4 28. f3 Rc2 29. Qh4+ Qh6 30. Qxh6+ Kxh6 31. fxe4 Rxe4 32. Rxe4 dxe4 33.
Rxf7 Rxb2 34. Rf4 Rb4 35. a5 Kg5 36. Rf7 a6 37. Kf2 Rb3 38. Rxg7+ Kf4 39. Rf7+
Kxe5 40. h4 Rb2+ 41. Kg3 e3 42. g5 Ke4 43. g6 Rb1 44. Rf4+ Kd3 45. Rf3 Rg1+ 46.
Kf4 e5+ 47. Kf5 e4 48. Rxe3+ Kxe3 49. h5 Kd3 50. h6 Rf1+ 51. Kg5 e3 52. h7 Rg1+
53. Kf5 e2 54. h8=Q e1=Q 55. Qd8+ Kc2 56. Qc8+ Kb3 57. Qb7+ Qb4 58. Qd5+ Qc4
59. Qf3+ Ka4 60. Qf2 Rf1 0-1

[Event "FIDE WCC Rapid 2016 Women"]
[Site "Doha"]
[Date "2016.12.26"]
[Round "3"]
[White "Goryachkina, Aleksandra"]
[Black "Muzychuk, Anna"]
[Result "0-1"]
[WhiteElo "2466"]
[BlackElo "2558"]
[PlyCount "134"]
[EventDate "2016.??.??"]
[EventType "swiss"]
[EventCountry "QAT"]
[SourceTitle "playchess.com"]
[Source "ChessBase"]

1. d4 Nf6 2. c4 g6 3. Nc3 d5 4. cxd5 Nxd5 5. e4 Nxc3 6. bxc3 Bg7 7. Qa4+ Qd7 8.
Bb5 c6 9. Be2 O-O 10. Qa3 b6 11. Nf3 c5 12. O-O Bb7 13. d5 e6 14. Be3 exd5 15.
Rad1 Nc6 16. exd5 Ne5 17. Nxe5 Bxe5 18. c4 Rfe8 19. Rfe1 Qd6 20. g3 Bc8 21. f4
Bf6 22. Bf2 Bd7 23. Bf3 h5 24. Rxe8+ Bxe8 25. Re1 Bd7 26. Qc1 Kg7 27. h4 Rc8
28. Kg2 a6 29. Be3 b5 30. Bd2 b4 31. Be4 Re8 32. Bd3 Rxe1 33. Qxe1 Bd4 34. f5
Qe5 35. Qxe5+ Bxe5 36. fxg6 fxg6 37. Be3 Bd6 38. Kf2 a5 39. Bc1 Kf6 40. Bc2 a4
41. Bg5+ Kf7 42. Bc1 Be5 43. Be3 Bd6 44. Bc1 a3 45. Bb3 Bf5 46. Be3 Be4 47. Bg5
Bb1 48. Be3 Kf6 49. Bg5+ Kf5 50. Kf3 Be4+ 51. Ke3 Bxg3 52. Be7 Bf4+ 53. Kf2 g5
54. Ba4 gxh4 55. d6 h3 56. d7 Bc7 57. Bd6 Bd8 58. Kg3 Bc6 59. Bc2+ Be4 60. Bb3
Bg2 61. Bxc5 h4+ 62. Kf2 Bc6 63. Bd6 Ke6 64. c5+ Bd5 65. Bd1 Kxd7 66. Ba4+ Ke6
67. Bf4 b3 0-1

[Event "FIDE WCC Rapid 2016 Women"]
[Site "Doha"]
[Date "2016.12.26"]
[Round "3"]
[White "Ju, Wenjun"]
[Black "Khademalsharieh, Sarasadat"]
[Result "1/2-1/2"]
[WhiteElo "2579"]
[BlackElo "2438"]
[PlyCount "175"]
[EventDate "2016.??.??"]
[EventType "swiss"]
[EventCountry "QAT"]
[SourceTitle "playchess.com"]
[Source "ChessBase"]

1. d4 Nf6 2. Bf4 e6 3. e3 c5 4. c3 Be7 5. Nd2 cxd4 6. exd4 O-O 7. Ngf3 b6 8.
Bc4 Bb7 9. h3 d6 10. O-O a6 11. a4 Nbd7 12. Re1 Re8 13. Bh2 Bf8 14. Qc2 Qc7 15.
Bd3 h6 16. Rad1 e5 17. Ne4 Nd5 18. dxe5 dxe5 19. Ned2 Nf4 20. Bxf4 exf4 21. Be4
Nc5 22. Bxb7 Qxb7 23. Nd4 Qd7 24. b3 Rac8 25. N2f3 Qc7 26. Rxe8 Rxe8 27. b4 Ne6
28. Qd3 Nxd4 29. Nxd4 g6 30. Nf3 a5 31. bxa5 bxa5 32. Nd4 Rd8 33. Re1 Bg7 34.
Re4 Kh7 35. Qf3 Be5 36. Nb5 Qc5 37. Qe2 Bb8 38. Qf3 Rd2 39. Rd4 Ra2 40. Qb7
Ra1+ 41. Kh2 Qf8 42. Rd7 Kg7 43. Nd4 Re1 44. Nf3 Re8 45. Qd5 Rc8 46. Qxa5 Qe8
47. Qd5 Bc7 48. Qd4+ Kg8 49. Rd5 Ra8 50. Qc5 Ra5 51. Qc4 Rxd5 52. Qxd5 Qxa4 53.
c4 Qa6 54. c5 Qe6 55. Qb7 Qd7 56. c6 Qd8 57. Kg1 Qd1+ 58. Kh2 Qd8 59. Qb5 g5
60. Qc5 Bb6 61. Qc4 Qd6 62. Qc2 Kf8 63. Kg1 Ke7 64. Qe4+ Kf8 65. Qc2 Ke7 66.
Qe2+ Kf8 67. Qc2 Ke7 68. Qe2+ Kf8 69. Ne5 Bc7 70. Nd7+ Kg7 71. Qb2+ f6 72. Qc2
f3 73. gxf3 Qh2+ 74. Kf1 Qxh3+ 75. Ke2 Qe6+ 76. Qe4 Qxe4+ 77. fxe4 Kf7 78. Nc5
Ke7 79. Nd3 Kd6 80. Nb4 Bd8 81. f4 Kc5 82. e5 fxe5 83. fxe5 g4 84. e6 Kd6 85.
Nd5 Kxe6 86. c7 Bxc7 87. Nxc7+ Ke5 88. Kf2 1/2-1/2

[Event "FIDE WCC Rapid 2016 Women"]
[Site "Doha"]
[Date "2016.12.26"]
[Round "4"]
[White "Sloan, Julia Elizabeth"]
[Black "Ovezdurdiyeva, Jemal"]
[Result "0-1"]
[WhiteElo "2173"]
[BlackElo "2080"]
[PlyCount "58"]
[EventDate "2016.??.??"]
[EventType "swiss"]
[EventCountry "QAT"]
[SourceTitle "playchess.com"]
[Source "ChessBase"]

1. d4 Nf6 2. c4 g6 3. Nc3 Bg7 4. e4 d6 5. f3 O-O 6. Bg5 Nbd7 7. Qd2 c6 8. Bh6
e5 9. d5 cxd5 10. Bxg7 Kxg7 11. cxd5 a6 12. h3 Nh5 13. O-O-O b5 14. Nge2 Nc5
15. b4 Na4 16. Nxa4 bxa4 17. g4 Nf6 18. Ng3 Bd7 19. Be2 a5 20. b5 Qb6 21. Nf5+
Bxf5 22. gxf5 Nh5 23. Qg5 Qc5+ 24. Kb1 Qb4+ 25. Ka1 Qc3+ 26. Kb1 Rac8 27. Rd2
f6 28. Rd3 Qc2+ 29. Ka1 fxg5 0-1

[Event "FIDE WCC Rapid 2016 Women"]
[Site "Doha"]
[Date "2016.12.26"]
[Round "4"]
[White "Koneru, Humpy"]
[Black "Geldiyeva, Mahri"]
[Result "1/2-1/2"]
[WhiteElo "2557"]
[BlackElo "2220"]
[PlyCount "101"]
[EventDate "2016.??.??"]
[EventType "swiss"]
[EventCountry "QAT"]
[SourceTitle "playchess.com"]
[Source "ChessBase"]

1. d4 d5 2. c4 dxc4 3. Nf3 Nf6 4. e3 e6 5. Bxc4 a6 6. O-O c5 7. b3 cxd4 8. Nxd4
Bd6 9. Bb2 Qc7 10. h3 O-O 11. Nd2 b5 12. Be2 Bb7 13. Rc1 Qe7 14. Bf3 Rd8 15.
Qe2 Bb4 16. Bxb7 Qxb7 17. N2f3 Bf8 18. Ne5 Nbd7 19. Nxd7 Qxd7 20. Rc2 Rac8 21.
Rfc1 Rxc2 22. Qxc2 Nd5 23. a3 h6 24. Nf3 Ne7 25. Ne5 Qd2 26. Qxd2 Rxd2 27. Bc3
Rd5 28. Bb2 f6 29. Nf3 e5 30. Kf1 Kf7 31. Ke2 Rd6 32. Rc7 Ke6 33. e4 Rc6 34.
Rxc6+ Nxc6 35. Nd2 Bc5 36. f3 Ne7 37. a4 Ng6 38. g3 h5 39. h4 Ne7 40. axb5 axb5
41. f4 Nc6 42. f5+ Ke7 43. Bc3 Kf7 44. Kf3 g6 45. g4 gxf5 46. gxf5 Ke7 47. Nf1
Bd4 48. Be1 Bc5 49. Bc3 Bd4 50. Be1 Bc5 51. Bc3 1/2-1/2

[Event "FIDE WCC Rapid 2016 Women"]
[Site "Doha"]
[Date "2016.12.26"]
[Round "4"]
[White "Charochkina, Daria"]
[Black "Sviridova, Vlada"]
[Result "1-0"]
[WhiteElo "2383"]
[BlackElo "2144"]
[PlyCount "83"]
[EventDate "2016.??.??"]
[EventType "swiss"]
[EventCountry "QAT"]
[SourceTitle "playchess.com"]
[Source "ChessBase"]

1. d4 d5 2. Bf4 Nf6 3. e3 c5 4. c3 Nc6 5. Nd2 Bf5 6. Ngf3 e6 7. Ne5 Nxe5 8.
Bxe5 Nd7 9. Bb5 a6 10. Bxd7+ Qxd7 11. O-O Bd6 12. Bxd6 Qxd6 13. Qa4+ b5 14. Qa3
Rc8 15. Nb3 Bd3 16. dxc5 Qc6 17. Rfd1 Bc4 18. Nc1 b4 19. cxb4 O-O 20. b3 Bb5
21. Qb2 Qb7 22. Qd4 f6 23. Qg4 Rfe8 24. a4 Bc6 25. Ne2 e5 26. Nc3 Rcd8 27. b5
axb5 28. axb5 Bxb5 29. Qb4 Bc6 30. Qxb7 Bxb7 31. Nb5 Bc6 32. Na7 Re6 33. b4 d4
34. b5 Be4 35. c6 Re7 36. b6 Bf5 37. c7 Rf8 38. exd4 exd4 39. Rxd4 Rfe8 40. Rd8
Kf7 41. Rxe8 Kxe8 42. b7 1-0

[Event "FIDE WCC Rapid 2016 Women"]
[Site "Doha"]
[Date "2016.12.26"]
[Round "4"]
[White "Goryachkina, Aleksandra"]
[Black "Dzagnidze, Nana"]
[Result "1-0"]
[WhiteElo "2466"]
[BlackElo "2520"]
[PlyCount "109"]
[EventDate "2016.??.??"]
[EventType "swiss"]
[EventCountry "QAT"]
[SourceTitle "playchess.com"]
[Source "ChessBase"]

1. d4 Nf6 2. c4 e6 3. g3 d5 4. Bg2 dxc4 5. Nf3 Bb4+ 6. Bd2 a5 7. a3 Bxd2+ 8.
Nbxd2 b5 9. b3 cxb3 10. Qxb3 c6 11. O-O O-O 12. Rfc1 Bb7 13. Qb2 Ra6 14. Ne5
Nd5 15. Ne4 Rb6 16. Nc5 Ba6 17. Qd2 b4 18. axb4 axb4 19. Nxa6 Rxa6 20. Rxa6
Nxa6 21. Nxc6 Qd6 22. Bxd5 exd5 23. Qa2 Nc7 24. Qa4 Ne6 25. e3 Qc7 26. Qxb4 Kh8
27. Qa5 Qxa5 28. Nxa5 g5 29. g4 Kg7 30. Nb7 Kf6 31. Nd6 Ra8 32. Rb1 Ra6 33. Nf5
h5 34. h3 hxg4 35. hxg4 Ng7 36. Ng3 Kg6 37. Rb5 Rd6 38. Ne2 Ne8 39. Nc3 Nf6 40.
f3 Kh6 41. Kf2 Kg6 42. Ke2 Rd8 43. Kd3 Rd7 44. Rc5 Rd8 45. Rc6 Kg7 46. Ne2 Rh8
47. Ng3 Rh3 48. Nf5+ Kg6 49. Ke2 Rh2+ 50. Kf1 Rh8 51. e4 dxe4 52. fxe4 Re8 53.
e5 Re6 54. Rxe6 fxe6 55. Ne7+ 1-0

[Event "FIDE WCC Rapid 2016 Women"]
[Site "Doha"]
[Date "2016.12.26"]
[Round "4"]
[White "Abdumalik, Zhansaya"]
[Black "Tan, Zhongyi"]
[Result "1/2-1/2"]
[WhiteElo "2405"]
[BlackElo "2496"]
[PlyCount "68"]
[EventDate "2016.??.??"]
[EventType "swiss"]
[EventCountry "QAT"]
[SourceTitle "playchess.com"]
[Source "ChessBase"]

1. e4 c5 2. Nf3 Nc6 3. d4 cxd4 4. Nxd4 Qb6 5. Nb3 Nf6 6. Nc3 e6 7. Be3 Qc7 8.
Bd3 a6 9. f4 d6 10. O-O Be7 11. Qf3 O-O 12. Qh3 b5 13. Kh1 b4 14. Ne2 e5 15. f5
d5 16. Ng3 Rd8 17. Nd2 b3 18. Nxb3 Nb4 19. Nh5 Nxh5 20. Qxh5 Bb7 21. f6 Bxf6
22. Rxf6 gxf6 23. Qh4 Nxd3 24. cxd3 Rd6 25. Rc1 Qd8 26. Nc5 Bc8 27. Rf1 f5 28.
Qg3+ Rg6 29. Qxe5 fxe4 30. dxe4 Qd6 31. Qe8+ Qf8 32. Qe5 Qd6 33. Qe8+ Qf8 34.
Qe5 Qd6 1/2-1/2

[Event "FIDE WCC Rapid 2016 Women"]
[Site "Doha"]
[Date "2016.12.26"]
[Round "4"]
[White "Harika, Dronavalli"]
[Black "Kashlinskaya, Alina"]
[Result "1/2-1/2"]
[WhiteElo "2543"]
[BlackElo "2429"]
[PlyCount "85"]
[EventDate "2016.??.??"]
[EventType "swiss"]
[EventCountry "QAT"]
[SourceTitle "playchess.com"]
[Source "ChessBase"]

1. c4 Nf6 2. Nc3 g6 3. Nf3 Bg7 4. e4 d6 5. d4 O-O 6. h3 e5 7. d5 a5 8. g4 Na6
9. Be3 Nc5 10. Nd2 c6 11. Be2 Bd7 12. Rg1 a4 13. g5 Ne8 14. h4 Qa5 15. h5 Nc7
16. f3 a3 17. Qc2 N7a6 18. bxa3 Qxa3 19. Qc1 Nb4 20. Bxc5 dxc5 21. Kf2 gxh5 22.
Rh1 f5 23. gxf6 Rxf6 24. Rxh5 Bh6 25. Qxa3 Rxa3 26. Nb3 Nxa2 27. Nxc5 Rxc3 28.
Nxd7 Be3+ 29. Kg2 Rg6+ 30. Kh3 Nc1 31. Nxe5 Nxe2 32. Nxg6 hxg6 33. Ra8+ Kg7 34.
Rhh8 Rc1 35. Rhg8+ Kh6 36. f4 Nxf4+ 37. Kg4 Rg1+ 38. Kf3 Bc1 39. d6 Rf1+ 40.
Kg4 Rg1+ 41. Kf3 Rf1+ 42. Kg4 Rg1+ 43. Kf3 1/2-1/2

[Event "FIDE WCC Rapid 2016 Women"]
[Site "Doha"]
[Date "2016.12.26"]
[Round "4"]
[White "Zhao, Xue"]
[Black "Krivec, Jana"]
[Result "1-0"]
[WhiteElo "2504"]
[BlackElo "2264"]
[PlyCount "77"]
[EventDate "2016.??.??"]
[EventType "swiss"]
[EventCountry "QAT"]
[SourceTitle "playchess.com"]
[Source "ChessBase"]

1. Nf3 d5 2. c4 e6 3. e3 Nf6 4. b3 c5 5. Bb2 Nc6 6. cxd5 exd5 7. Bb5 Bd6 8. O-O
O-O 9. d4 Bg4 10. dxc5 Bxc5 11. Nbd2 Ne4 12. Bxc6 bxc6 13. Qc2 Nxd2 14. Nxd2
Bb4 15. a3 Bxd2 16. Qxd2 f6 17. Rfc1 Bd7 18. Rc5 a5 19. Bd4 Re8 20. Rac1 Qb8
21. Qc3 Qd8 22. h3 Re7 23. Qd2 Be8 24. Bc3 Rea7 25. Qd4 Rb7 26. b4 axb4 27.
Bxb4 Rf7 28. Rd1 Qc7 29. e4 dxe4 30. Qxe4 Rd7 31. Re1 Rdd8 32. Rc3 Qf7 33. Qf4
Ra7 34. Rce3 Rad7 35. Re7 Rxe7 36. Rxe7 Qg6 37. Qc7 Rd1+ 38. Kh2 Rf1 39. Qd8
1-0

[Event "FIDE WCC Rapid 2016 Women"]
[Site "Doha"]
[Date "2016.12.26"]
[Round "4"]
[White "Gaponenko, Inna"]
[Black "Hallaeva, Bahar"]
[Result "1-0"]
[WhiteElo "2411"]
[BlackElo "2112"]
[PlyCount "62"]
[EventDate "2016.??.??"]
[EventType "swiss"]
[EventCountry "QAT"]
[SourceTitle "playchess.com"]
[Source "ChessBase"]

1. e4 e5 2. Nf3 Nc6 3. Bb5 Nf6 4. O-O Nxe4 5. d4 Nd6 6. Bxc6 dxc6 7. dxe5 Nf5
8. Qxd8+ Kxd8 9. h3 Ne7 10. Nc3 Ng6 11. b3 h6 12. Bb2 Bd7 13. Rad1 Kc8 14. Rd2
Be7 15. Rfd1 Rd8 16. Ne2 Be6 17. Rxd8+ Bxd8 18. Nfd4 Bd7 19. f4 Be7 20. g4 h5
21. gxh5 Nh4 22. Kf2 c5 23. Nf3 Nxf3 24. Kxf3 Bxh3 25. e6 Bxe6 26. Bxg7 Bf5 27.
Rd5 Bh7 28. Ng3 b6 29. f5 Bd6 30. Ne4 Be7 31. Bf6 c6 1-0

[Event "FIDE WCC Rapid 2016 Women"]
[Site "Doha"]
[Date "2016.12.26"]
[Round "4"]
[White "Zhu, Chen"]
[Black "Purtseladze, Maka"]
[Result "1-0"]
[WhiteElo "2419"]
[BlackElo "2347"]
[PlyCount "105"]
[EventDate "2016.??.??"]
[EventType "swiss"]
[EventCountry "QAT"]
[SourceTitle "playchess.com"]
[Source "ChessBase"]

1. d4 Nf6 2. c4 Nc6 3. Nf3 e6 4. g3 Bb4+ 5. Bd2 Qe7 6. Nc3 O-O 7. Bg2 Bxc3 8.
Bxc3 Ne4 9. Rc1 d6 10. d5 Nxc3 11. Rxc3 Nb8 12. O-O e5 13. Nd2 a5 14. c5 dxc5
15. Qc1 Bg4 16. Rxc5 Na6 17. Rxa5 Bxe2 18. Re1 Bg4 19. Qc3 Rfe8 20. f4 f6 21.
fxe5 fxe5 22. Qc4 Qd6 23. Rb5 Bc8 24. Ne4 Qd8 25. h4 h6 26. Nc5 Qd6 27. Nxb7
Bxb7 28. Rxb7 Reb8 29. Rxb8+ Rxb8 30. b3 Rb4 31. Qc6 Qxc6 32. dxc6 Rb5 33. Bf1
Ra5 34. Bc4+ Kf8 35. a4 Nb4 36. Bb5 Ke7 37. Re4 Nd5 38. Rxe5+ Kd6 39. Re8 Nb4
40. Rd8+ Kc5 41. Rd7 Kb6 42. Rxg7 Ra8 43. Rg6 Re8 44. Kf2 Rf8+ 45. Kg2 Rh8 46.
h5 Nd5 47. Kh3 Ne7 48. Rf6 Nd5 49. Re6 Rh7 50. Bd3 Rh8 51. Be4 Nb4 52. Re5 Na6
53. b4 1-0

[Event "FIDE WCC Rapid 2016 Women"]
[Site "Doha"]
[Date "2016.12.26"]
[Round "4"]
[White "Ushenina, Anna"]
[Black "Lagno, Kateryna"]
[Result "0-1"]
[WhiteElo "2459"]
[BlackElo "2530"]
[PlyCount "70"]
[EventDate "2016.??.??"]
[EventType "swiss"]
[EventCountry "QAT"]
[SourceTitle "playchess.com"]
[Source "ChessBase"]

1. d4 Nf6 2. Bg5 Ne4 3. Bf4 c5 4. f3 Qa5+ 5. c3 Nf6 6. Nd2 cxd4 7. Nb3 Qd8 8.
cxd4 d5 9. e3 e6 10. Bd3 Nh5 11. Bg3 Nxg3 12. hxg3 Nc6 13. f4 Bd7 14. a3 Qb6
15. Nf3 a5 16. Rb1 Be7 17. Kf2 h6 18. Nbd2 f6 19. Nh4 O-O-O 20. Ng6 Rhe8 21.
Nxe7+ Rxe7 22. Qb3 Qa7 23. Qc3 e5 24. Nb3 Rde8 25. Nc5 exd4 26. exd4 Bg4 27. b4
axb4 28. axb4 Re2+ 29. Kg1 Qa2 30. Rh2 Qxb1+ 31. Bxb1 Re1+ 32. Qxe1 Rxe1+ 33.
Kf2 Rxb1 34. Rh4 h5 35. Ke3 Nxb4 0-1

[Event "FIDE WCC Rapid 2016 Women"]
[Site "Doha"]
[Date "2016.12.26"]
[Round "4"]
[White "Khademalsharieh, Sarasadat"]
[Black "Gunina, Valentina"]
[Result "0-1"]
[WhiteElo "2438"]
[BlackElo "2525"]
[PlyCount "112"]
[EventDate "2016.??.??"]
[EventType "swiss"]
[EventCountry "QAT"]
[SourceTitle "playchess.com"]
[Source "ChessBase"]

1. d4 d5 2. c4 c6 3. cxd5 cxd5 4. Bf4 Nf6 5. Nc3 Nc6 6. e3 Bg4 7. Qb3 Na5 8.
Qa4+ Bd7 9. Qc2 e6 10. Bd3 Bb4 11. Nf3 Nh5 12. Bg5 f6 13. Bh4 g5 14. Bg3 Rc8
15. Bxh7 Kf8 16. Bd3 Nxg3 17. fxg3 Nc4 18. Bxc4 Rxc4 19. O-O Kg7 20. Nd2 Rc7
21. Qb3 Be7 22. e4 dxe4 23. Ndxe4 Qg8 24. Qd1 Bc6 25. Qe2 Qh7 26. h3 Qg6 27.
Rae1 Rd8 28. Qe3 Rcd7 29. Nf2 Rxd4 30. Qxe6 Bc5 31. Kh2 Re8 32. Qb3 Rxe1 33.
Rxe1 Rb4 34. Qd1 Rxb2 35. Nfe4 f5 36. Qa1 Rxg2+ 37. Kxg2 Bd4 38. Qc1 fxe4 39.
Kh2 e3 40. Rxe3 Bxe3 41. Qxe3 Qc2+ 42. Ne2 Qxa2 43. Qxg5+ Kf7 44. Qh5+ Ke7 45.
Kg1 a5 46. Qe5+ Kd7 47. h4 a4 48. h5 a3 49. h6 Qb1+ 50. Kf2 a2 51. Qg7+ Kd6 52.
h7 a1=Q 53. Qf8+ Kc7 54. h8=Q Qe1+ 55. Ke3 Qac1+ 56. Kd4 Qb2+ 0-1

[Event "FIDE WCC Rapid 2016 Women"]
[Site "Doha"]
[Date "2016.12.26"]
[Round "4"]
[White "Saduakassova, Dinara"]
[Black "Javakhishvili, Lela"]
[Result "0-1"]
[WhiteElo "2428"]
[BlackElo "2461"]
[PlyCount "100"]
[EventDate "2016.??.??"]
[EventType "swiss"]
[EventCountry "QAT"]
[SourceTitle "playchess.com"]
[Source "ChessBase"]

1. d4 Nf6 2. c4 e6 3. g3 d5 4. Nf3 dxc4 5. Bg2 Bb4+ 6. Bd2 c5 7. O-O O-O 8.
Bxb4 cxb4 9. Ne5 Nd5 10. Nxc4 b5 11. Ne5 a5 12. Nd2 f6 13. Nd3 Na6 14. Rc1 a4
15. Nf4 Nac7 16. Nxd5 Nxd5 17. Ne4 a3 18. b3 Ra7 19. Qd3 f5 20. Nc5 Nc3 21. Rc2
Rc7 22. Qe3 Qd6 23. Nd3 Nd5 24. Qc1 Rxc2 25. Qxc2 Nc3 26. Rc1 Bd7 27. Nxb4 Rc8
28. Nd3 Qxd4 29. Qd2 b4 30. Kf1 Bb5 31. Bf3 e5 32. Qg5 Bxd3 33. exd3 Qxd3+ 34.
Kg2 Rf8 35. Qe7 e4 36. Bh5 Qd5 37. Bd1 Nxd1 38. Rc7 e3+ 39. f3 Qd2+ 40. Kh3
Nf2+ 41. Kh4 Qd4+ 42. Kh5 Qf6 43. Qxf6 Rxf6 44. Re7 Nd1 45. Kg5 h6+ 46. Kf4 Rf7
47. Re8+ Rf8 48. Re7 Rd8 49. Kxf5 Kf8 50. Re4 Re8 0-1

[Event "FIDE WCC Rapid 2016 Women"]
[Site "Doha"]
[Date "2016.12.26"]
[Round "4"]
[White "Gvetadze, Sofio"]
[Black "Zhukova, Natalia"]
[Result "1/2-1/2"]
[WhiteElo "2283"]
[BlackElo "2440"]
[PlyCount "116"]
[EventDate "2016.??.??"]
[EventType "swiss"]
[EventCountry "QAT"]
[SourceTitle "playchess.com"]
[Source "ChessBase"]

1. Nf3 d5 2. g3 c6 3. Bg2 Bg4 4. O-O Nd7 5. d3 e6 6. Nbd2 Bd6 7. e4 Ne7 8. h3
Bxf3 9. Nxf3 Qb6 10. Be3 Qc7 11. Qe2 O-O 12. Rad1 e5 13. c4 d4 14. Bc1 a5 15.
Nh4 Rae8 16. f4 f5 17. exf5 exf4 18. c5 Nxc5 19. Bxf4 Bxf4 20. Rxf4 Ng6 21.
fxg6 Qxf4 22. gxh7+ Kxh7 23. Qh5+ Qh6 24. Qxc5 Qe3+ 25. Kh2 Rf2 26. Qh5+ Kg8
27. Qxa5 Rxb2 28. a4 Qf2 29. Qh5 Ree2 30. Rg1 Qe3 31. Qg4 Qxd3 32. Nf5 Kf7 33.
Qxg7+ Ke8 34. Nd6+ Kd8 35. Nxb7+ Kc8 36. Nd6+ Kb8 37. Qf8+ Kc7 38. Ne8+ Kb6 39.
a5+ Kxa5 40. Qc5+ Qb5 41. Qa7+ Kb4 42. Qxd4+ Qc4 43. Qxc4+ Kxc4 44. Nd6+ Kb4
45. h4 c5 46. Kh3 c4 47. Bf3 Rh2+ 48. Kg4 c3 49. Be4 Rbd2 50. Nf5 c2 51. Bxc2
Rxc2 52. h5 Rc8 53. h6 Rg8+ 54. Kf3 Rf8 55. Rb1+ Kc5 56. Kg4 Rg8+ 57. Kf3 Rf8
58. Kg4 Rg8+ 1/2-1/2

[Event "FIDE WCC Rapid 2016 Women"]
[Site "Doha"]
[Date "2016.12.26"]
[Round "4"]
[White "Paehtz, Elisabeth"]
[Black "Arabidze, Meri"]
[Result "1-0"]
[WhiteElo "2463"]
[BlackElo "2379"]
[PlyCount "129"]
[EventDate "2016.??.??"]
[EventType "swiss"]
[EventCountry "QAT"]
[SourceTitle "playchess.com"]
[Source "ChessBase"]

1. e4 e5 2. Nf3 Nc6 3. Bc4 Nf6 4. d3 Be7 5. O-O O-O 6. Re1 d6 7. a4 Be6 8. a5
a6 9. h3 Qd7 10. Nc3 Kh8 11. Bd2 Ng8 12. Nd5 Bd8 13. c3 f5 14. exf5 Bxf5 15.
Ng5 Bxg5 16. Bxg5 Nce7 17. d4 e4 18. Nxe7 Nxe7 19. Bxe7 Qxe7 20. Re3 Rae8 21.
d5 Qf6 22. Qd2 Re5 23. Bf1 g5 24. Rae1 Bg6 25. c4 Rf5 26. R1e2 Kg8 27. b4 Rf4
28. Qb2 Qf5 29. g3 Rf3 30. Rxf3 Qxf3 31. Qd2 g4 32. Re3 Qf5 33. h4 Qe5 34. Bg2
h5 35. Re1 Kg7 36. Rd1 Re8 37. Re1 Re7 38. Re3 Qa1+ 39. Bf1 Qe5 40. b5 Rf7 41.
Bg2 Re7 42. Bf1 Rf7 43. Qc3 Kf6 44. bxa6 bxa6 45. c5 Qxc3 46. Rxc3 Rf8 47. cxd6
cxd6 48. Rc6 Ke5 49. Bxa6 Ra8 50. Rb6 Bf7 51. Kf1 Bxd5 52. Ke1 Be6 53. Rb5+ d5
54. Bb7 Ra7 55. a6 Kd6 56. Kd2 d4 57. Rxh5 Bc4 58. Rg5 Ke7 59. Rg6 Kf7 60. h5
Bb5 61. Rd6 d3 62. h6 Kg8 63. Bxe4 Bxa6 64. Rd8+ Kf7 65. h7 1-0

[Event "FIDE WCC Rapid 2016 Women"]
[Site "Doha"]
[Date "2016.12.26"]
[Round "4"]
[White "Batsiashvili, Nino"]
[Black "Ju, Wenjun"]
[Result "1/2-1/2"]
[WhiteElo "2482"]
[BlackElo "2579"]
[PlyCount "193"]
[EventDate "2016.??.??"]
[EventType "swiss"]
[EventCountry "QAT"]
[SourceTitle "playchess.com"]
[Source "ChessBase"]

1. d4 Nf6 2. Nf3 d5 3. Bf4 c5 4. e3 Nc6 5. c3 e6 6. Nbd2 cxd4 7. exd4 Nh5 8.
Bg3 Be7 9. Bd3 g6 10. Qe2 Bd7 11. Ne5 Nxe5 12. Bxe5 f6 13. Bg3 O-O 14. Nf3 Rc8
15. O-O Nxg3 16. hxg3 Bd6 17. Rfe1 a6 18. Qd2 Kg7 19. Re2 Qc7 20. Rae1 Rfe8 21.
Bc2 Rcd8 22. Nh2 e5 23. dxe5 fxe5 24. Bb3 Bb5 25. Bxd5 Bxe2 26. Rxe2 Qd7 27.
Nf3 Bb4 28. Be4 Qe7 29. Qc2 Bc5 30. Nd2 Rd7 31. c4 Rf8 32. Nf3 Bd6 33. Bd5 Qf6
34. Nd2 b5 35. Ne4 Qe7 36. c5 Bc7 37. Bb3 Rfd8 38. Qc3 Rd3 39. Qc1 h6 40. Bc2
R3d4 41. Qe3 a5 42. g4 Qh4 43. g5 hxg5 44. g3 Qh5 45. Nd6 Bxd6 46. cxd6 g4 47.
Qc3 R8xd6 48. Qxa5 Rd7 49. Qe1 R4d5 50. Qc3 Kf6 51. Re1 R5d6 52. Qc5 Qg5 53.
Qxb5 Qh5 54. Qc5 Rd5 55. Qe3 Qg5 56. Qxg5+ Kxg5 57. Re2 Kf6 58. Kf1 Rc7 59. Ke1
Rdc5 60. Kd1 Rh7 61. Kd2 Rb7 62. Bb3 Rb4 63. Ke3 Rc1 64. Kd2 Rc8 65. Ke3 Rd8
66. Rc2 Rdd4 67. Rc6+ Kg5 68. Ke2 Re4+ 69. Kf1 Red4 70. Ke2 Re4+ 71. Kf1 Red4
72. Ke2 Rb8 73. Rc5 Kf6 74. Rc6+ Kg7 75. Re6 Re4+ 76. Kf1 Rf8 77. Bc2 Rc4 78.
Rxg6+ Kf7 79. Bb3 Kxg6 80. Bxc4 e4 81. Ke2 Kf5 82. a4 Rc8 83. b3 Rc5 84. Ke3
Ke5 85. Kd2 Kd4 86. Be6 Rc3 87. a5 Rc5 88. b4 Rb5 89. Bxg4 Rxb4 90. a6 Rb2+ 91.
Ke1 Ra2 92. Bc8 e3 93. fxe3+ Kxe3 94. Kd1 Kd3 95. Bf5+ Ke3 96. Bc8 Kd3 97. Bf5+
1/2-1/2